000 00488nam a2200181 a 4500
005 20241011155132.0
010 _aENG-142118
020 _c150.00
_a9788190487672
035 _aEN-125650
037 _bDBAD
082 _aS
100 _aWells, H.G.
_972737
245 _aThe time machine/
_cby H.G. Wells
260 _aNew Delhi
_bV&S Publishers
_c2009
270 _a F-2/16, Ansari Road, Darya Ganj
_bNew Delhi
_e110002
300 _a88p.
_c21cm(Hb)
942 _2ddc
_cEN
_mWEL
_hS
999 _c206347
_d206347